Fundamentals of database systems /

Saved in:
Bibliographic Details
Main Author: Elmasri, Ramez
Other Authors: Navathe, Shamkant B.
Format: Book
Language:English
Published: Redwood City, Calif. : Benjamin/Cummings, c1989.
Subjects:
LEADER 01041nam a2200301 a 4500
001 c000111169
003 CARM
005 20000919212057.0
008 881215s1989 caua b 001 0 eng
010 |a 88035001 //r94 
020 |a 0805301453 
040 |a LC  |b eng  |c LC  |d AMG 
050 4 |a QA76.9.D3  |b E57 1989 
050 0 0 |a QA76.9.D3  |b E57 1989 
082 0 0 |a 005.74  |2 19 
082 0 4 |a 005.74  |2 19 
100 1 |a Elmasri, Ramez. 
245 1 0 |a Fundamentals of database systems /  |c Ramez Elmasri, Shamkant B. Navathe. 
260 |a Redwood City, Calif. :  |b Benjamin/Cummings,  |c c1989. 
300 |a xxxiii, 802 p. :  |b ill. ;  |c 25 cm. 
500 |a Includes indexes. 
504 |a Bibliography: p. 751-771. 
650 0 |a Database management. 
650 0 |a Database design. 
700 1 |a Navathe, Shamkant B. 
852 8 |b CARM  |h A2:AN36E0  |i D04926  |p 0194411  |f BK 
999 f f |i bdc1a93c-cb39-5e9e-9216-5b9c9502cbb7  |s 58509eed-77ad-5e5a-9e1c-211ca614be6b 
952 f f |p Can circulate  |a CAVAL  |b CAVAL  |c CAVAL  |d CARM 1 Store  |e D04926  |f A2:AN36E0  |h Other scheme  |i book  |m 0194411